000 00308nam a2200121Ia 4500
008 220620s9999||||xx |||||||||||||| ||und||
020 _a9781840000000
245 0 _aColorectal Cancer
546 _aEnglish[eng]
700 _aVannelli, Alberto
856 _uhttps://www.intechopen.com/books/9788
942 _cEB
999 _c28582
_d28582